[Event "World University-ch 12th"]
[Site "Guimaraes"]
[Date "2012.08.24"]
[Round "8"]
[White "Da Silva, Lucas Borges"]
[Black "Rodrigues, Pedro Filipe Alexan"]
[Result "1-0"]
[WhiteElo "1938"]
[BlackElo "1960"]
[PlyCount "111"]
[EventDate "2012.08.20"]
[EventType "swiss"]
[EventRounds "9"]
[EventCountry "POR"]
[SourceTitle "CBM 150 Extra"]
[Source "ChessBase"]
[SourceDate "2012.10.19"]
[SourceVersion "1"]
[SourceVersionDate "2012.10.19"]
[SourceQuality "1"]

1. e4 c5 2. Nf3 Nc6 3. Bb5 g6 4. 0-0 Bg7 5. c3 Nf6 6. Re1 0-0 7. d4 d5 8. e5 Ne4 9. Bxc6 bxc6 10. Nbd2 Nxd2 11. Nxd2 Qb6 12. Nb3 c4 13. Nc5 Re8 14. e6 fxe6 15. Nxe6 Bxe6 16. Rxe6 Bf6 17. h4 Bxh4 18. Qg4 Bf6 19. Bg5 Qxb2 20. Rae1 Bxg5 21. Qxg5 Qc2 22. Rxc6 Rad8 23. Qe3 Qf5 24. Rc7 Rd7 25. Rc6 Rf8 26. Re6 Rb7 27. Re5 Qf7 28. Re2 Re8 29. Qg5 e6 30. Qg4 Rb6 31. Kh2 Re7 32. Qg5 Kf8 33. R2e3 Ke8 34. Rf3 Qg7 35. Rf6 Kd7 36. Qf4 Rb8 37. Rexe6 Rxe6 38. Rf7+ Qxf7 39. Qxf7+ Re7 40. Qxd5+ Kc8 41. Qxc4+ Rc7 42. Qe6+ Kb7 43. Qd5+ Ka6 44. Qd6+ Kb7 45. Qd5+ Ka6 46. c4 Rb6 47. c5 Rb2 48. Qc4+ Kb7 49. d5 Kc8 50. c6 Rb6 51. Qc5 Kb8 52. Qd6 Rb2 53. Qd8+ Rc8 54. Qe7 Rc7 55. Qe8+ Rc8 56. Qe5+ 1-0

[Event "World University-ch 12th"]
[Site "Guimaraes"]
[Date "2012.08.22"]
[Round "5"]
[White "Da Silva, Lucas Borges"]
[Black "Araya, Cristian"]
[Result "1-0"]
[WhiteElo "1938"]
[BlackElo "1868"]
[PlyCount "73"]
[EventDate "2012.08.20"]
[EventType "swiss"]
[EventRounds "9"]
[EventCountry "POR"]
[SourceTitle "CBM 150 Extra"]
[Source "ChessBase"]
[SourceDate "2012.10.19"]
[SourceVersion "1"]
[SourceVersionDate "2012.10.19"]
[SourceQuality "1"]

1. e4 c6 2. Nc3 d5 3. Nf3 Bg4 4. h3 Bxf3 5. Qxf3 Nf6 6. d3 e6 7. Bd2 Nbd7 8. g4 h6 9. 0-0-0 Bb4 10. Be2 Qa5 11. a3 Bxa3 12. bxa3 Qxa3+ 13. Kb1 d4 14. Na2 Nb6 15. Ka1 c5 16. Rb1 Rc8 17. Qf4 Rc6 18. g5 Nfd7 19. gxh6 Rxh6 20. Qg4 Rg6 21. Qh4 Nf6 22. Qh8+ Ke7 23. Qb8 Qa6 24. Rhg1 Rxg1 25. Rxg1 Na4 26. e5 Nc3 27. exf6+ gxf6 28. Bxc3 dxc3 29. Rg8 Qb6 30. Qf8+ Kd7 31. Qe8+ Kd6 32. Qd8+ Qxd8 33. Rxd8+ Ke5 34. h4 Rb6 35. h5 Kf5 36. Rg8 Rb2 37. Bd1 1-0